00000000cas 2200000zi 4500
0019.946669
003CaOODSP
00520251212073357
006m     o  d f      
007cr cn ||||||||
008250109c20249999oncar p o    f0###a0eng d
022 |a2819-0114
040 |aCaOODSP|beng|erda|cCaOODSP
043 |an-cn---
0861 |aPS71-9E-PDF
1102 |aCanadian Security Intelligence Service.|eauthor, |eissuing body.
222 0|aCSIS diversity, equity and inclusion strategy summary performance measures scorecard
24510|aCSIS diversity, equity and inclusion strategy summary performance measures scorecard.
2463 |aCanadian Security Intelligence Service diversity, equity and inclusion strategy summary performance measures scorecard
24630|aSummary performance measures scorecard
264 1|a[Ottawa] : |bCanadian Security Intelligence Service = Service canadien du renseignement de sécurité, |c[2024]-
310 |aAnnual
336 |atext|btxt|2rdacontent
337 |acomputer|bc|2rdamedia
338 |aonline resource|bcr|2rdacarrier
3621 |aBegan with: Phase 1 (spring 2024).
500 |aIssued also in French under title: Stratégie d'équité, de diversité et d'inclusion du SCRS, bilan des mesures du rendement.
588 |aDescription based on: Phase 1 (spring 2024); title from PDF cover page.
588 |aLatest issue consulted: Phase 1 (spring 2024).
61020|aCanadian Security Intelligence Service|vPeriodicals.
650 0|aDiversity in the workplace|xGovernment policy|zCanada|vPeriodicals.
655 7|aPeriodicals|2lcgft
77508|tStratégie d'équité, de diversité et d'inclusion du SCRS, bilan des mesures du rendement.|w(CaOODSP)9.946668